LOST Characters by Their Eyes Quiz Stats

 Plays Quiz Updated Oct 23, 2019

Score 0/18 Timer 06:00
14 Plays Today
number answer % Correct
1Ben
94.8%
6Jack
90.2%
2Sayid
89.8%
3Sun
88.7%
7Kate
84.1%
12Claire
74.6%
4Hurley
73.9%
10Richard
71.3%
15Walt
67.3%
number answer % Correct
17Locke
65.3%
18Juliet
64.6%
11Sawyer
64.3%
16Desmond
55.7%
13Charlie
55.4%
14Boone
48.8%
9Charlotte
46.3%
8Daniel
39.3%
5Rousseau
37.4%

You're not logged in!

Compare scores with friends on all Sporcle quizzes.
OR
Log In

Sporcle TV

Today on Sporcle TV


Watch our educational content, quiz creation guides, and fun videos on Sporcle TV.

Show Comments

Extras

Top Quizzes Today


Score Distribution

Your Account Isn't Verified!

In order to create a playlist on Sporcle, you need to verify the email address you used during registration. Go to your Sporcle Settings to finish the process.

Report this User

Report this user for behavior that violates our Community Guidelines.

Details: